Montes / (Record no. 1487)
[ view plain ]
| 000 -LEADER | |
|---|---|
| campo de control de longitud fija | 01044nas a2200301 i 4500 |
| 001 - NÚMERO DE CONTROL | |
| campo de control | 1487 |
| 003 - IDENTIFICADOR DE NÚMERO DE CONTROL | |
| campo de control | ES-MaACL |
| 005 - FECHA Y HORA DE LA ÚLTIMA TRANSACCIÓN | |
| campo de control | 20250731030154.0 |
| 008 - DATOS DE LONGITUD FIJA--INFORMACIÓN GENERAL | |
| campo de control de longitud fija | 950801c1945 sp | | 1 ||pa d |
| 080 ## - NÚMERO DE LA CLASIFICACIÓN DECIMAL UNIVERSAL | |
| Número de la Clasificación Decimal Universal | 630*6/*8(460) |
| 245 00 - MENCIÓN DEL TÍTULO | |
| Título | Montes / |
| Mención de responsabilidad, etc. | dir. Ignacio Echeverría Ballarín. |
| 260 ## - PUBLICACIÓN, DISTRIBUCIÓN, ETC. | |
| Lugar de publicación, distribución, etc. | Madrid : |
| Nombre del editor, distribuidor, etc. | Escuela de Ingenieros de Montes, |
| Fecha de publicación, distribución, etc. | 1945- ( |
| Fabricante | Artes Gráf. Diana) |
| 300 ## - DESCRIPCIÓN FÍSICA | |
| Extensión | 12 v. ; |
| Dimensiones | 28 cm. |
| 310 ## - PERIODICIDAD ACTUAL | |
| Periodicidad actual | Bimensual |
| 362 0# - FECHAS DE PUBLICACIÓN Y/O DESIGNACIÓN SECUENCIAL | |
| Fecha de publicación y/o designación secuencial | Año I (ene. 1945) |
| 500 ## - NOTA GENERAL | |
| Nota general | No se publicó de 1980 a 1983. |
| 500 ## - NOTA GENERAL | |
| Nota general | En 1984 comienza la segunda época. |
| 500 ## - NOTA GENERAL | |
| Nota general | Entre los v. XXXI-XXXII (1975-76) aparece un índice de 1974. |
| 650 17 - PUNTO DE ACCESO ADICIONAL DE MATERIA--TÉRMINO DE MATERIA | |
| Término de materia o nombre geográfico como elemento de entrada | Agricultura |
| Fuente del encabezamiento o término | embne |
| 9 (RLIN) | 9670 |
| 655 #7 - TERMINO DE INDIZACIÓN--GENERO/FORMA | |
| Fuente del término | tgfbne |
| 9 (RLIN) | 226866 |
| Datos o término principal de género/forma | Revistas |
| 700 1# - ENTRADA AGREGADA--NOMBRE PERSONAL | |
| Nombre de persona | Echeverría Ballarín, Ignacio. |
| 9 (RLIN) | 46583 |
| 700 1# - ENTRADA AGREGADA--NOMBRE PERSONAL | |
| Nombre de persona | López Lillo, Antonio. |
| 9 (RLIN) | 73724 |
| 710 2# - ENTRADA AGREGADA--NOMBRE DE ENTIDAD CORPORATIVA | |
| Nombre de entidad corporativa o nombre de jurisdicción como elemento de entrada | Escuela de Ingenieros de Montes. |
| 9 (RLIN) | 3548 |
| 852 ## - LOCALIZACIÓN | |
| Ubicación | ES-MaACL |
| Número de control de estantería | K-54 |
| 866 #0 - MENCIÓN TEXTUAL DE FONDOS--UNIDAD BIBLIOGRÁFICA BÁSICA | |
| Fondos | 1945-58(1959-60),(1967),1970,1975-76(1977f.n.189)1978(1979f.n.193-194).(1984). |
| 942 ## - ELEMENTOS DE ENTRADA SECUNDARIOS (KOHA) | |
| Fuente del sistema de clasificación o colocación | Clasificación decimal universal |
| Estatus retirado | Estado de pérdida | Estado de daño | No para préstamo | Colección | Biblioteca de origen | Biblioteca actual | Ubicación en estantería | Fecha de adquisición | Fuente de adquisición | Total de préstamos | Signatura topográfica completa | Código de barras | Visto por última vez | Precio de reemplazo | Tipo de ítem Koha |
|---|---|---|---|---|---|---|---|---|---|---|---|---|---|---|---|
| Periódicos y Revistas | Biblioteca del Ateneo de Madrid | Biblioteca del Ateneo de Madrid | Administración | 17/01/2008 | K-54 | 1001518 | 23/02/2023 | 23/02/2023 | Revista |
